Οδύσσειες σωμάτων στο έργο του Νίκου Κούνδουρου

Saved in:
Bibliographic Details
Main Author: Σολδάτος, Γιάννης, 1952-
Other Authors: Κυριακός, Κωνσταντίνος (Author of afterword, colophon, etc.)
Format: Book
Language:Greek
Published: Αθήνα : Αιγόκερως, 2007.
Series:Κινηματογράφος (Αιγόκερως)
Subjects:
Tags: Add Tag
No Tags, Be the first to tag this record!

MARC

LEADER 00000nam a2200000 a 4500
001 1/114718
008 170825s2007####gr a ||| |||| ||gre||
020 |a 9789603223047  
040 |a GR-MyUa  |b gre  |c GR-MyUa  |e AACR2 
041 0 |a gre 
082 7 |a 791.430233   |2 (23) 
100 1 |a Σολδάτος, Γιάννης,   |d 1952- 
245 1 0 |a Οδύσσειες σωμάτων στο έργο του Νίκου Κούνδουρου /   |c Γιάννης Σολδάτος ; επίμετρο: Κωνσταντίνος Κυριακός.  
260 |a Αθήνα :  |b Αιγόκερως,   |c 2007.  
300 |a 319 σ. :   |b φωτ. ;   |c 24 εκ.  
490 1 |a (Αιγόκερως/Κινηματογράφος) 
600 1 0 |a Κούνδουρος, Νίκος Ι.,   |d 1926-2017. 
650 0 |a Motion pictures  |z Greece. 
650 0 |a Nudity in motion pictures. 
650 0 |a Human body in motion pictures. 
700 1 |a Κυριακός, Κωνσταντίνος,  |e aft 
830 0 |a Κινηματογράφος (Αιγόκερως) 
852 |a INST  |b LESVOS  |c EUDOXUS  |e 20170825  |h 791.430233 ΣΟΛ  |p 005100059780  |q 005100059780  |t EDX  |y 0 
920 |a Εύδοξος  |b Παραγγελία  |y Λέσβος-ΤΠΤΕ  |z 2017-05 
970 |a Τζαφέρη  |b Ευαγγελία  |z 25-08-2017